000 00332nam a22001457a 4500
008 210308b ||||| |||| 00| 0 eng d
020 _a0812112490
041 _aeng
080 _a616.31
082 _a616.31
100 _a5
101 _aSTO
245 _aColor Atlas of Common Oral Diseases
_cLanglais, R. P
942 _2udc
_cBK
999 _c55897
_d55897